| 000 | 00632nam a2200229Ia 4500 | ||
|---|---|---|---|
| 003 | BUBTL | ||
| 008 | 151213s9999 xx 000 0 und d | ||
| 041 | _aEnglish | ||
| 082 |
_213th ed. _a346.004/ Ah511e/ 2002 |
||
| 100 |
_aAhmad, Aqil _92476 |
||
| 245 |
_aEquity Trust & Fiduciary Relations / _cAqil Ahmad |
||
| 250 | _a13th ed. | ||
| 260 |
_aAlahabad - 2 _bContract Law Agency _cc2002 |
||
| 300 |
_a[xx], 313 p. : _bill. ; 21 cm. |
||
| 526 | _aLaw | ||
| 650 | 0 |
_aLaw _92102 |
|
| 650 | _aLaw | ||
| 700 |
_aAqil Ahmad _95798 |
||
| 856 |
_k0 _l0 _yDownload |
||
| 942 |
_2ddc _cBK |
||
| 999 |
_c1533 _d1533 |
||